000
002730000a22001210004500
082
0
4
_a
DVD 064
110
1
_a
Columbia Pictures
245
1
0
_a
Stuart Little 2 "La aventura continua"
260
_a
Argentina: Videolar S.A.
505
0
0
_a
77 minutos
001
2186
942
_c
LGB
999
_c
49332
_d
49332